Onyx storm (Record no. 5186)

MARC details
000 -CABECERA
campo de control de longitud fija 01883nam a2200361 i 4500
001 - NÚMERO DE CONTROL
campo de control 991027392014207026
003 - IDENTIFICADOR DEL NÚMERO DE CONTROL
campo de control UkOxU
005 - FECHA Y HORA DE LA ÚLTIMA TRANSACCIÓN
campo de control 20251117133233.0
007 - CAMPO FIJO DE DESCRIPCIÓN FÍSICA--INFORMACIÓN GENERAL
campo de control de longitud fija t|
008 - DATOS DE LONGITUD FIJA--INFORMACIÓN GENERAL
campo de control de longitud fija 240903s2025 enkb 000|f eng d
015 ## - NÚMERO DE BIBLIOGRAFÍA NACIONAL
Número de bibliografía nacional GBC4D7847
Fuente bnb
016 7# - NÚMERO DE CONTROL DE UNA AGENCIA BIBLIOGRÁFICA NACIONAL
Número de control del registro 300370872
Fuente Uk
020 ## - NÚMERO INTERNACIONAL ESTÁNDAR DEL LIBRO
Número Internacional Estándar del Libro 9780349437064
024 8# - IDENTIFICADOR DE OTROS ESTÁNDARES
Número estándar o código CIPO000155402
035 ## - NÚMERO DE CONTROL DEL SISTEMA
Número de control de sistema (Uk)021324419
040 ## - FUENTE DE LA CATALOGACIÓN
Centro catalogador/agencia de origen StDuBDS
Lengua de catalogación eng
Centro/agencia transcriptor StDuBDS
Normas de descripción rda
Centro/agencia modificador UkOxU
041 ## - CÓDIGO DE LENGUA
Código de lengua del texto/banda sonora o título independiente eng
050 ## - SIGNATURA TOPOGRÁFICA DE LA BIBLIOTECA DEL CONGRESO
Número de clasificación PS3625.A7384
Número de documento/Ítem O59 2025
100 ## - ENTRADA PRINCIPAL--NOMBRE DE PERSONA
Nombre de persona Yarros, Rebecca
Término indicativo de función/relación author
9 (RLIN) 24950
245 10 - MENCIÓN DE TÍTULO
Título Onyx storm
Mención de responsabilidad, etc. / Rebecca Yarros.
260 ## - PUBLICACIÓN, DISTRIBUCIÓN, ETC.
Lugar de publicación, distribución, etc. London :
Nombre del editor, distribuidor, etc. Piatkus,
Fecha de publicación, distribución, etc. 2025.
300 ## - DESCRIPCIÓN FÍSICA
Extensión 527 pages :
Otras características físicas map (black and white) ;
Dimensiones 25 cm
490 ## - MENCIÓN DE SERIE
Mención de serie The Empyrean Series
Designación de volumen o secuencia bk. 3
520 ## - SUMARIO, ETC.
Sumario, etc. After nearly eighteen months at Basgiath War College, Violet Sorrengail knows there's no more time for lessons. No more time for uncertainty. Because the battle has truly begun, and with enemies closing in from outside their walls and within their ranks, it's impossible to know who to trust. Now Violet must journey beyond the failing Aretian wards to seek allies from unfamiliar lands to stand with Navarre. The trip will test every bit of her wit, luck, and strength, but she will do anything to save what she loves--her dragons, her family, her home, and him. Even if it means keeping a secret so big, it could destroy everything. They need an army. They need power. They need magic. And they need the one thing only Violet can find--the truth. But a storm is coming ... and not everyone can survive its wrath.
650 #0 - PUNTO DE ACCESO ADICIONAL DE MATERIA--TÉRMINO DE MATERIA
Término de materia o nombre geográfico como elemento de entrada Dragons
Subdivisión de forma Fiction
9 (RLIN) 26531
650 #0 - PUNTO DE ACCESO ADICIONAL DE MATERIA--TÉRMINO DE MATERIA
Término de materia o nombre geográfico como elemento de entrada Good and evil
Subdivisión de forma Fiction
9 (RLIN) 24131
650 #0 - PUNTO DE ACCESO ADICIONAL DE MATERIA--TÉRMINO DE MATERIA
Término de materia o nombre geográfico como elemento de entrada Imaginary wars and battles
Subdivisión de forma Fiction
9 (RLIN) 24133
650 #0 - PUNTO DE ACCESO ADICIONAL DE MATERIA--TÉRMINO DE MATERIA
Término de materia o nombre geográfico como elemento de entrada Magic
Subdivisión de forma Fiction
9 (RLIN) 24059
650 #0 - PUNTO DE ACCESO ADICIONAL DE MATERIA--TÉRMINO DE MATERIA
Término de materia o nombre geográfico como elemento de entrada Man-woman relationships
Subdivisión de forma Fiction
9 (RLIN) 11134
650 #0 - PUNTO DE ACCESO ADICIONAL DE MATERIA--TÉRMINO DE MATERIA
Término de materia o nombre geográfico como elemento de entrada Women college students
Subdivisión de forma Fiction
9 (RLIN) 26532
655 #0 - TÉRMINO DE INDIZACIÓN--GÉNERO/FORMA
Datos o término principal de género/forma Fantasy fiction
9 (RLIN) 22510
942 ## - ELEMENTOS DE ENTRADA AGREGADA (KOHA)
Fuente del sistema de clasificación o colocación Clasificación de Library of Congress
Holdings
Estado de retiro Estado de pérdida Fuente del sistema de clasificación o colocación Estado dañado No para préstamo Biblioteca de origen Biblioteca actual Fecha de adquisición Total de préstamos Signatura topográfica completa Código de barras Fecha visto por última vez Número de copia Precio válido a partir de Tipo de ítem Koha
    Clasificación de Library of Congress     TBS Barcelona TBS Barcelona 17/11/2025   P-EN YAR B05631 17/11/2025 1 17/11/2025 Book

Powered by Koha